00343nam a2200109Ia 4500008004100000100001900041245006900060260005800129300001000187650002200197650001400219220216s9999 xx 000 0 und d aRajaguru A S B 0aEffects of rubber seed meal on the performance of mature chicken bRubber Research Institute of Sri Lanka Bulletinc1973 a39-45 aRubber seed meeal aSri Lanka